CBSE ONE FOR ALL-ENGLISH-10 (Record no. 12459)
[ view plain ]
| 000 -LEADER | |
|---|---|
| fixed length control field | 00245nam a22000977a 4500 |
| 008 - FIXED-LENGTH DATA ELEMENTS--GENERAL INFORMATION | |
| fixed length control field | 231030b |||||||| |||| 00| 0 eng d |
| 020 ## - INTERNATIONAL STANDARD BOOK NUMBER | |
| International Standard Book Number | 9789355958747 |
| 100 ## - MAIN ENTRY--PERSONAL NAME | |
| Personal name | OSWAAL |
| 9 (RLIN) | 7599 |
| 245 ## - TITLE STATEMENT | |
| Title | CBSE ONE FOR ALL-ENGLISH-10 |
| 260 ## - PUBLICATION, DISTRIBUTION, ETC. (IMPRINT) | |
| Place of publication, distribution, etc. | NEW DELHI |
| Name of publisher, distributor, etc. | OSWAAL |
| Withdrawn status | Lost status | Source of classification or shelving scheme | Damaged status | Koha normalized classification for sorting | Not for loan | Home library | Current library | Shelving location | Date acquired | Total Checkouts | Total Renewals | Full call number | Barcode | Date last seen | Date last checked out | Price effective from | Koha item type |
|---|---|---|---|---|---|---|---|---|---|---|---|---|---|---|---|---|---|
| Dewey Decimal Classification | OSW_420_000000000000000 | Good Samaritan School Library | Good Samaritan School Library | Science | 10/30/2023 | 1 | 1 | OSW420 | OSW17640 | 01/23/2024 | 12/21/2023 | 10/30/2023 | BOOK |